Les 16 plus vieux buteurs en Premier League - Statistiques

Statistiques générales
  • Ce quiz a été pris 51 fois
  • Le résultat moyen est 3 sur 16
Statistiques - réponses
Âge Club Poste Joueur % Correct
37 ans 7 mois Leicester City Avant-Centre Jamie Vardy
80%
39 ans 2 mois Manchester United Milieu Gauche Ryan Giggs
62%
39 ans 6 mois Chelsea FC Défenseur Central Thiago Silva
56%
37 ans 9 mois Manchester United Milieu de Terrain Paul Scholes
53%
37 ans 8 mois Manchester United Avant-Centre Cristiano Ronaldo
44%
40 ans 8 mois West-Ham United Avant-Centre Teddy Sheringham
13%
37 ans 9 mois Bolton Wanderers Avant-Centre Les Ferdinand
7%
37 ans 11 mois Aston Villa Gardien de But Peter Schmeichel
7%
37 ans 8 mois Birmingham City Avant-Centre Kevin Phillips
2%
39 ans 7 mois Hull City Avant-Centre Dean Windass
0%
37 ans 11 mois Bolton Wanderers Milieu Gauche Gary Speed
0%
38 ans 6 mois Burnley FC Défenseur Droit Graham Alexander
0%
38 ans 4 mois Blackburn Rovers Avant-Centre Mark Hughes
0%
38 ans 1 mois Wimbledon FC Avant-Centre Mick Harford
0%
38 ans 7 mois Manchester City Défenseur Gauche Stuart Pearce
0%
38 ans 3 mois Blackburn Rovers Milieu Défensif Tugay Kerimoğlu
0%
Aucun quiz correspondant
Distribution des résultats
% des personnes avec chaque résultat
Percentile par nombre de réponses
Votre historique - résultats
Vous n’avez pas pris ce quiz